Focus on the learner. (Record no. 169364)
[ view plain ]
| 000 -LEADER | |
|---|---|
| fixed length control field | 00582cam9a220021700 4500 |
| 001 - CONTROL NUMBER | |
| control field | zam00002052 |
| 008 - FIXED-LENGTH DATA ELEMENTS--GENERAL INFORMATION | |
| fixed length control field | 951128s1973 xx eng u |
| 035 ## - SYSTEM CONTROL NUMBER | |
| System control number | (Sirsi) r19431 |
| 035 ## - SYSTEM CONTROL NUMBER | |
| System control number | (MACHINE)SLC. |
| 100 ## - MAIN ENTRY--PERSONAL NAME | |
| Personal name | Oller, J. W. |
| Linkage | A80312.1 |
| 245 10 - TITLE STATEMENT | |
| Title | Focus on the learner. |
| 260 ## - PUBLICATION, DISTRIBUTION, ETC. | |
| Date of publication, distribution, etc. | 1973. |
| 591 ## - | |
| -- | Class code: ED 323. |
| 591 ## - | |
| -- | Course: English teaching methods. |
| 591 ## - | |
| -- | School: S03. |
| 591 ## - | |
| -- | Lecturer: Mr. TAMBULUKANI, G. |
| 591 ## - | |
| -- | Number of Students: 102. |
| 949 ## - LOCAL PROCESSING INFORMATION (OCLC) | |
| a | P51 |
| w | lcc |
| m | MAIN |
| t | BOOK |
| l | ON-SHELF |
| 909 ## - | |
| -- | Book |
No items available.